Pressure vessel systems : (Record no. 69190)

000 -LEADER
fixed length control field 00792pam a2200253 a 4500
001 - CONTROL NUMBER
control field 989344
003 - CONTROL NUMBER IDENTIFIER
control field NUST - PNEC
005 - DATE AND TIME OF LATEST TRANSACTION
control field 20170116181112.0
008 - FIXED-LENGTH DATA ELEMENTS--GENERAL INFORMATION
fixed length control field 860904s1987 nyua b 001 0 eng
010 ## - LIBRARY OF CONGRESS CONTROL NUMBER
LC control number 86021475
020 ## - INTERNATIONAL STANDARD BOOK NUMBER
International Standard Book Number 0070352380
040 ## - CATALOGING SOURCE
Original cataloging agency DLC
Transcribing agency LIBRARY
Modifying agency DLC
050 00 - LIBRARY OF CONGRESS CALL NUMBER
Classification number TS283
Item number .K74 1987
082 00 - DEWEY DECIMAL CLASSIFICATION NUMBER
Classification number 681.76041 KOH
Edition number 19
100 1# - MAIN ENTRY--PERSONAL NAME
Personal name Kohan, Anthony Lawrence.
245 10 - TITLE STATEMENT
Title Pressure vessel systems :
Remainder of title a user's guide to safe operations and maintenance /
Statement of responsibility, etc. Anthony Lawrence Kohan.
260 ## - PUBLICATION, DISTRIBUTION, ETC.
Place of publication, distribution, etc. New York :
Name of publisher, distributor, etc. McGraw-Hill,
Date of publication, distribution, etc. c1987.
300 ## - PHYSICAL DESCRIPTION
Extent xii, 458 p. :
Other physical details ill. ;
Dimensions 24 cm.
500 ## - GENERAL NOTE
General note Includes index.
504 ## - BIBLIOGRAPHY, ETC. NOTE
Bibliography, etc. note Bibliography: p. 437.
650 ## - SUBJECT ADDED ENTRY--TOPICAL TERM
9 (RLIN) 13020
Topical term following geographic name entry element Mechanical engineering
General subdivision ME
906 ## - LOCAL DATA ELEMENT F, LDF (RLIN)
a 7
b cbc
c orignew
d 1
e ocip
f 19
g y-gencatlg
942 ## - ADDED ENTRY ELEMENTS (KOHA)
Source of classification or shelving scheme
Koha item type Book
Holdings
Withdrawn status Lost status Source of classification or shelving scheme Damaged status Not for loan Permanent Location Current Location Shelving location Date acquired Total Checkouts Full call number Barcode Date last seen Price effective from Koha item type
          Pakistan Navy Engineering College (PNEC) Pakistan Navy Engineering College (PNEC)       681.76041 KOH PNECLIB-012308 10/04/2015   Book
© 2023 Central Library, National University of Sciences and Technology. All Rights Reserved.